Prieskum výberu a hodnotenia dodávateľov vo vybraných organizáciách = Monitoring of selection and evaluation of suppliers in the selected organizations : Bakalárska práca

Na minha lista:
Detalhes bibliográficos
Autor principal: Selnekovičová, Miriam, 1979- (Author)
Outros Autores: Kusý, Ondrej, 1984- (xxx)
Formato: Manuscrito Livro
Idioma:eslovaco
Publicado em: Trnava : STU v Bratislave MTF UPMK, 2009
Assuntos:
Tags: Adicionar Tag
Sem tags, seja o primeiro a adicionar uma tag!

MARC

LEADER 00000ntm a22000003a 4500
001 stu198227
005 20160719160024.1
008 100115s2009----xo------------------slo-d
040 |a STU  |b slo 
041 0 |a slo 
044 |a xo 
100 1 |a Selnekovičová, Miriam,  |d 1979-  |4 aut  |X 26097  |7 A000026097 
245 1 |a Prieskum výberu a hodnotenia dodávateľov vo vybraných organizáciách = Monitoring of selection and evaluation of suppliers in the selected organizations :  |b Bakalárska práca 
260 |a Trnava :  |b STU v Bratislave MTF UPMK,  |c 2009 
300 |a 60 s  |c Prílohy + 1 CD-ROM 
500 |a Študijný program: kvalita produkcie 
500 |a Študijný odbor: 5.2.27 kvalita produkcie 
650 7 |a nákup  |2 stusub 
650 7 |a kvalita  |2 stusub 
700 1 |a Kusý, Ondrej,  |d 1984-  |4 xxx  |u M190  |U MTF Materiálovotechnologická fakulta  |T MTF Katedra priemyselného inžinierstva a manažmentu  |X 28433  |U M190  |Y 167  |7 A000028433 
996 |b 284M077715  |c M*BP-4180  |l MMSKP  |s P  |a 0  |w stu198227_0001